| 000 | 00845nam a2200241 u 4500 | ||
|---|---|---|---|
| 005 | 20230607063638.0 | ||
| 008 | 160415s19801997 r 000 0 eng d | ||
| 020 | _a9688161934 | ||
| 035 | _aUPN01000209559 | ||
| 049 | _aCG | ||
| 050 | 4 |
_aF1386.7 A2 _bV3.2 |
|
| 100 | 1 |
_aValle-Arizpe, Artemio del, _d1888-1961 _929459 |
|
| 245 | 1 | 0 |
_aCalle vieja y calle nueva / _cArtemio de Valle-Arizpe. |
| 260 |
_aMéxico : _bDiana, _c1980 (1997 impr.). |
||
| 300 |
_a583, [79] p. : _bil. |
||
| 440 | 0 | _aArte y cultura | |
| 651 | 4 |
_aCiudad de México _xCalles _xHistoria _916233 |
|
| 651 | 4 |
_aCiudad de México _xVida social y costumbres _ySiglo XVII _913509 |
|
| 651 | 4 |
_aCiudad de México _xVida social y costumbres _ySiglo XVIII _918541 |
|
| 651 | 4 |
_aCiudad de México _xVida social y costumbres _ySiglo XIX _918542 |
|
| 905 | _aLibro | ||
| 999 |
_c181660 _d181660 |
||